000 01198nam a22002775i 4500
001 176661
003 ES-MaACL
005 20251015145634.0
008 110131s2002 sp ao |||| | spa d
020 _a84-7782-868-7
080 _a929 Jiménez de Cisneros, Francisco
080 _a913(460.27 Alcalá de Henares) (036)
100 1 _aLope Huerta, Arsenio.
_973278
245 1 0 _aAlcalá de Cisneros /
_ctexto, Arsenio E. Lope Huerta ; fotografías, Óscar Masats ; coordinación, Promoción Turística de Alcalá ; [traducción al inglés: Hellen Mason-Spyry, traducción al francés: Lunwerg].
260 _aBarcelona :
_bLunwerg,
_cimp. 2002.
300 _a39 p. :
_bil. col. ;
_c30 cm.
546 _aTexto en español, francés e inglés.
594 _aEn la port. : Ayuntamiento de Alcalá de Henares, Concejalía de Turismo.
600 1 4 _aJiménez de Cisneros, Francisco,
_d1436-1517
_966495
651 4 _aAlcalá de Henares-
_xGuías turísticas.
_9144939
700 0 _aMasats, Óscar.
_9144933
700 1 _aMason-Spyry, Hellen.
_9144938
710 1 _aAlcalá de Henares (Madrid).
_bConcejalía de Turismo.
_9144937
852 _aES-MaACL
_j2287-F-15
999 _c176661
_d176661